The meaning of the glorious Koran / (Record no. 20731)

MARC details
000 -LEADER
fixed length control field 01422pam a2200337 a 4500
001 - CONTROL NUMBER
control field 617958
003 - CONTROL NUMBER IDENTIFIER
control field BDDh-ASL
005 - DATE AND TIME OF LATEST TRANSACTION
control field 20231015025928.0
008 - FIXED-LENGTH DATA ELEMENTS--GENERAL INFORMATION
fixed length control field 920320s1992 nyuaf b 001 0 eng
010 ## - LIBRARY OF CONGRESS CONTROL NUMBER
LC control number 92052928
020 ## - INTERNATIONAL STANDARD BOOK NUMBER
International Standard Book Number 0679417362
040 ## - CATALOGING SOURCE
Original cataloging agency DLC
Transcribing agency DLC
Modifying agency DLC
-- BDDh-ASL
041 1# - LANGUAGE CODE
Language code of text/sound track or separate title eng
Language code of original ara
050 00 - LIBRARY OF CONGRESS CALL NUMBER
Classification number BP109
Item number .P5 1992
082 00 - DEWEY DECIMAL CLASSIFICATION NUMBER
Classification number 297.12
Edition number 20
Item number QUM
130 0# - MAIN ENTRY--UNIFORM TITLE
Uniform title Qurʼan.
Language of a work English.
245 14 - TITLE STATEMENT
Title The meaning of the glorious Koran /
Statement of responsibility, etc. an explanatory translation by Marmaduke Pickthall ; with an introduction by William Montgomery Watt.
246 30 - VARYING FORM OF TITLE
Title proper/short title Glorious Koran
246 14 - VARYING FORM OF TITLE
Title proper/short title Koran
260 ## - PUBLICATION, DISTRIBUTION, ETC.
Place of publication, distribution, etc. New York :
-- London:
Name of publisher, distributor, etc. A.A. Knopf :
-- George Allen & Unwin Ltd.,
-- Distributed by Random House,
Date of publication, distribution, etc. 1992.
-- 1957
300 ## - PHYSICAL DESCRIPTION
Extent xxviii, 693 p., [6] p. of plates :
Other physical details ill. ;
Dimensions 21 cm.
490 0# - SERIES STATEMENT
Series statement Everyman's Library ;
Volume/sequential designation 105
504 ## - BIBLIOGRAPHY, ETC. NOTE
Bibliography, etc. note Includes bibliographical references and indexes.
650 #0 - SUBJECT ADDED ENTRY--TOPICAL TERM
9 (RLIN) 1854
Topical term or geographic name entry element Quran
700 1# - ADDED ENTRY--PERSONAL NAME
Personal name Pickthall, Marmaduke William,
Dates associated with a name 1875-1936.
856 42 - ELECTRONIC LOCATION AND ACCESS
Materials specified Publisher description
Uniform Resource Identifier <a href="http://www.loc.gov/catdir/description/random0411/92052928.html">http://www.loc.gov/catdir/description/random0411/92052928.html</a>
856 42 - ELECTRONIC LOCATION AND ACCESS
Materials specified Contributor biographical information
Uniform Resource Identifier <a href="https://www.loc.gov/catdir/enhancements/fy1616/92052928-b.html">https://www.loc.gov/catdir/enhancements/fy1616/92052928-b.html</a>
906 ## - LOCAL DATA ELEMENT F, LDF (RLIN)
a 7
b cbc
c orignew
d 1
e ocip
f 19
g y-gencatlg
942 ## - ADDED ENTRY ELEMENTS (KOHA)
Source of classification or shelving scheme Dewey Decimal Classification
Koha item type Books
Holdings
Withdrawn status Lost status Source of classification or shelving scheme Damaged status Not for loan Collection code Home library Current library Shelving location Date acquired Source of acquisition Total Checkouts Full call number Barcode Date last seen Copy number Price effective from Koha item type Public note
    Dewey Decimal Classification   Not For Loan Non-fiction Asiatic Society Library Asiatic Society Library General Stacks 01/13/2021 ASB Collection   297.12 QUM 104207 01/13/2021 C-1 01/13/2021 Books  
    Dewey Decimal Classification   Not For Loan Non-fiction Asiatic Society Library Asiatic Society Library General Stacks 01/13/2021 ASB Collection   297.12 QUM 104208 01/13/2021 C-1 01/13/2021 Books  
    Dewey Decimal Classification   Not For Loan Non-fiction Asiatic Society Library Asiatic Society Library General Stacks 01/13/2021 ASB Collection   297.12 QUM 104210 01/13/2021 C-3 01/13/2021 Books RARE

Powered by Koha